When God left footprints / (Record no. 4242)

MARC details
000 -LEADER
fixed length control field 01018cam a2200289 a 4500
001 - CONTROL NUMBER
control field 4854436
003 - CONTROL NUMBER IDENTIFIER
control field GBCCL
005 - DATE AND TIME OF LATEST TRANSACTION
control field 20241126110514.0
008 - FIXED-LENGTH DATA ELEMENTS--GENERAL INFORMATION
fixed length control field 910315s1991 ilua 000 0 eng
010 ## -
-- 91065462
020 ## - INTERNATIONAL STANDARD BOOK NUMBER
International Standard Book Number 0896938670 (pbk.)
040 ## - CATALOGING SOURCE
Original cataloging agency DLC
Transcribing agency DLC
Modifying agency DLC
050 00 -
-- BS2556
-- .C35 1991
082 00 - DEWEY DECIMAL CLASSIFICATION NUMBER
Classification number 226.007
Edition information 20
Item number CAM
100 1# - MAIN ENTRY--PERSONAL NAME
Personal name Campbell, Pam.
9 (RLIN) 8044
245 10 - TITLE STATEMENT
Title When God left footprints /
Statement of responsibility, etc. Pam & Stan Campbell.
260 ## - PUBLICATION, DISTRIBUTION, ETC.
Place of publication, distribution, etc. Wheaton, Ill. :
Name of publisher, distributor, etc. Victor Books,
Date of publication, distribution, etc. c1991.
300 ## - PHYSICAL DESCRIPTION
Extent 179 p. :
Other physical details ill. ;
Dimensions 23 cm.
490 1# - SERIES STATEMENT
Series statement BibleLog for adults. Thru the New Testament series ;
Volume/sequential designation 1
500 ## - GENERAL NOTE
General note "Matthew thru John"--Cover.
630 00 - SUBJECT ADDED ENTRY--UNIFORM TITLE
Uniform title Bible.
Name of part/section of a work Gospels
General subdivision Study and teaching.
9 (RLIN) 8045
700 1# - ADDED ENTRY--PERSONAL NAME
Personal name Campbell, Stan.
9 (RLIN) 8046
800 1# -
-- Campbell, Pam.
-- BibleLog for adults.
-- Thru the New Testament series ;
-- 1.
-- 8047
906 ## - LOCAL DATA ELEMENT F, LDF (RLIN)
a 7
b cbc
c orignew
d 3
e opcn
f 19
g y-gencatlg
942 ## - ADDED ENTRY ELEMENTS (KOHA)
Source of classification or shelving scheme Dewey Decimal Classification
Koha item type Books
Holdings
Withdrawn status Lost status Source of classification or shelving scheme Damaged status Not for loan Home library Current Library Shelving location Date acquired Total checkouts Full call number Barcode Date last seen Copy number Price effective from Koha item type
    Dewey Decimal Classification     GRACE BIBLE COLLEGE GRACE BIBLE COLLEGE Biblical Studies 2018-01-17   226.007 CAM 008418 2025-05-01 c.1 2018-01-17 Books
© Grace Bible College Library 2025